Finansovyje aspekty upravlenija promyšlennost'ju stran-členov SEV

Na minha lista:
Detalhes bibliográficos
Formato: Livro
Idioma:russo
Publicado em: Moskva Finansy i statistika 1981
Assuntos:
Tags: Adicionar Tag
Sem tags, seja o primeiro a adicionar uma tag!

MARC

LEADER 00000nam a2200000 4500
001 c128403
005 20260325070835.6
041 0 |a rus 
044 |a RU 
245 1 0 |a Finansovyje aspekty upravlenija promyšlennost'ju stran-členov SEV 
264 1 |a Moskva  |b Finansy i statistika  |c 1981 
300 |a 238 s. 
610 2 0 |a RVHP